| 000 | 00811nam a2200229Ii 4500 | ||
|---|---|---|---|
| 003 | JO-AjNU | ||
| 008 | 230605s9999||||xx |||||||||||||| ||und|| | ||
| 017 | _a2003/1/84 | ||
| 020 | _a9957-24-098-6 | ||
| 040 |
_aJO-AjNU _bara _erda _cJO-AjNU |
||
| 041 | _aara | ||
| 050 | 1 | 4 | _aHF5655.A7.A5276 2008 |
| 100 | 3 |
_aتأليف: العناتي، رضوان محمد , _eauthor _930082 |
|
| 245 | 0 | 0 | _aمبادىء المحاسبة وتطبيقاتها، ج2 |
| 250 | _aط5 مزيدة ومنقحة | ||
| 264 | 3 | 1 | _aعمان: دار صفاء للنشر والتوزيع، 2008 |
| 300 |
_aج2 ،235ص _bيحتوي على ببلوغرافية من ص234-235 ص |
||
| 336 |
_atext _btxt _2rdacontent |
||
| 337 |
_aunmediated _bn _2rdamedia |
||
| 338 |
_avolume _bnc _2rdacarrier |
||
| 650 | 4 |
_aالمحاسبة _930083 |
|
| 999 |
_aA11883 _c15451 _d15451 |
||